| 000 | 01509nam a2200277Ia 4500 | ||
|---|---|---|---|
| 999 |
_c44974 _d44974 |
||
| 001 | 11795 | ||
| 003 | GE_BSU | ||
| 005 | 20240626115327.0 | ||
| 008 | 181216s2014||||ge |||||||||||||| ||geo|| | ||
| 020 | _a9789941181801 | ||
| 040 | _cGE_BSU | ||
| 041 | _ageo | ||
| 080 | _a327 ს–41 | ||
| 100 |
_aსენარკლენი, დე პიერ _922590 |
||
| 245 |
_aსაერთაშორისო პოლიტიკა : _bთანამედროვე თეორიები და ამოცანები / _cპიერ დე სენარკლენი, იოან არიფენი ; ფრანგ. თარგმანი ნანა ცქიტიშვილი ; სამეცნ. რედ. მალხაზ მაცაბერიძე. |
||
| 250 | _aმე–5 გამოცემა | ||
| 264 |
_aთბილისი : _bილიას სახ.უნ–ტი, _c2014. |
||
| 300 |
_a194 გვ. ; _c28 სმ. |
||
| 500 | _aთავფურ. მე-3 გვ. ფრანგ. ენაზე | ||
| 504 | _aბიბლიოგრ. : გვ. 191-194 | ||
| 653 | _aსაერთაშორისო პოლიტიკა | ||
| 700 |
_aარიფენი, იოან _eავტორი _922591 |
||
| 700 |
_aცქიტიშვილი, ნანა _eმთარგმნელი _922592 |
||
| 700 |
_aმაცაბერიძე, მალხაზ _eრედაქტორი _922593 |
||
| 942 |
_cBK _2udc |
||